000
003170000a22001450004500
020
_a
1-85049-114-3
041
0
_a
ENG
082
0
4
_a
G 920.1 C637c
100
1
_a
Clifford, Nigel
245
1
0
_a
Christian preachers / Nigel Clifford
260
_a
[S.L] : Evangelical
300
_a
319 Pag
001
11398
942
_c
BK
999
_c
40713
_d
40713